British Colonies - Sudden Death - Statistics

General Stats
  • This quiz has been taken 447 times
  • The average score is 10 of 15
Answers on the Grid
Answers color-coded by a green-red scale on the quiz's grid according to % correct below.
Guadeloupe
Brunei
Cayman Islands
Puerto Rico
Belize
Liberia
Australia
Ethiopia
South Africa
New Zealand
Maldives
Mayotte
Guyana
Laos
Hong Kong
Macau
Greenland
Malta
Madagascar
Algeria
Gibraltar
Egypt
Syria
Iran
Bermuda
Korea
U.S.A
Canada
Mexico
Lebanon
 
Answer Stats
Answer % Correct
1841-1907 New Zealand
84%
1788-1901 Australia
83%
1806-1961 South Africa
75%
1763-1867 Canada
74%
1585-1783 U.S.A
74%
1841-1997 Hong Kong
72%
1830-1981 Gibraltar
71%
1670-1962 Cayman Islands
66%
1862-1981 Belize
58%
1684-2002 Bermuda
56%
1814-1964 Malta
56%
1882-1956 Egypt
55%
1831-1966 Guyana
48%
1888-1984 Brunei
44%
1887-1965 Maldives
37%
No matching quizzes found
Score Distribution
Percent of People with Each Score
Percentile by Number Answered
Your Score History
You have not taken this quiz